[Event "Superfinal (women)"]
[Site "Moscow"]
[Date "2020.12.06"]
[Round "2.3"]
[White "Goryachkina, Aleksandra"]
[Black "Pogonina, Natalija"]
[Result "1/2-1/2"]
[BlackElo "2474"]
[WhiteElo "2593"]
[LiveChessVersion "1.4.8"]

1. c4 {[%clk 1:30:48]} e5 {[%clk 1:22:23]} 2. Nc3 {[%clk 1:31:03]} Nf6
{[%clk 1:22:42]} 3. Nf3 {[%clk 1:31:16]} Nc6 {[%clk 1:17:33]} 4. e4
{[%clk 1:31:25]} d6 {[%clk 1:11:22]} 5. d4 {[%clk 1:31:26]} exd4 {[%clk 1:01:27]}
6. Nxd4 {[%clk 1:31:47]} Nxd4 {[%clk 1:01:39]} 7. Qxd4 {[%clk 1:32:11]} Be7
{[%clk 1:02:03]} 8. Be2 {[%clk 1:30:11]} O-O {[%clk 1:01:29]} 9. O-O
{[%clk 1:24:01]} Re8 {[%clk 1:00:40]} 10. Bf4 {[%clk 1:07:15]} Nd7
{[%clk 0:54:10]} 11. Qd2 {[%clk 1:04:59]} Nf8 {[%clk 0:48:17]} 12. Nd5
{[%clk 1:00:08]} Ng6 {[%clk 0:46:49]} 13. Be3 {[%clk 0:59:57]} Bf8
{[%clk 0:45:44]} 14. f3 {[%clk 0:59:42]} c6 {[%clk 0:40:30]} 15. Nc3
{[%clk 0:57:55]} Qc7 {[%clk 0:39:33]} 16. Rad1 {[%clk 0:56:11]} Ne5
{[%clk 0:36:13]} 17. b3 {[%clk 0:53:34]} a6 {[%clk 0:26:07]} 18. Rc1
{[%clk 0:47:33]} Qa5 {[%clk 0:25:46]} 19. b4 {[%clk 0:40:42]} Qc7
{[%clk 0:24:10]} 20. Kh1 {[%clk 0:33:30]} f5 {[%clk 0:20:38]} 21. Rfd1
{[%clk 0:27:17]} Kh8 {[%clk 0:18:02]} 22. Bd4 {[%clk 0:24:19]} Qf7
{[%clk 0:15:25]} 23. c5 {[%clk 0:20:16]} Be6 {[%clk 0:09:35]} 24. Qb2
{[%clk 0:15:51]} Rad8 {[%clk 0:07:59]} 25. Rd2 {[%clk 0:10:25]} Nc4
{[%clk 0:07:32]} 26. Bxc4 {[%clk 0:10:50]} Bxc4 {[%clk 0:07:58]} 27. exf5
{[%clk 0:09:12]} Qxf5 {[%clk 0:02:51]} 28. cxd6 {[%clk 0:08:19]} Qg6
{[%clk 0:02:10]} 29. Bc5 {[%clk 0:03:59]} Bxd6 {[%clk 0:01:54]} 30. Bxd6
{[%clk 0:02:56]} Rxd6 {[%clk 0:02:18]} 31. Ne4 {[%clk 0:03:10]} Rxd2
{[%clk 0:02:14]} 32. Qxd2 {[%clk 0:03:38]} Bd5 {[%clk 0:02:26]} 33. Nc3
{[%clk 0:03:45]} Qe6 {[%clk 0:01:20]} 34. Rd1 {[%clk 0:03:11]} h6
{[%clk 0:01:39]} 35. Nxd5 {[%clk 0:00:59]} Qxd5 {[%clk 0:00:44]} 36. Qxd5
{[%clk 0:01:26]} cxd5 {[%clk 0:01:09]} 37. Kg1 {[%clk 0:01:06]} Re2
{[%clk 0:01:22]} 38. Rxd5 {[%clk 0:00:44]} Rxa2 {[%clk 0:01:46]} 39. b5
{[%clk 0:00:57]} Kh7 {[%clk 0:00:45]} 40. bxa6 {[%clk 0:30:56]} bxa6
{[%clk 0:31:09]} 41. h4 {[%clk 0:31:18]} 1/2-1/2

[Event "Superfinal (women)"]
[Site "Moscow"]
[Date "2020.12.06"]
[Round "2.4"]
[White "Girya, Olga"]
[Black "Gunina, Valentina"]
[Result "0-1"]
[BlackElo "2451"]
[WhiteElo "2464"]
[LiveChessVersion "1.4.8"]

1. d4 {[%clk 1:30:57]} d5 {[%clk 1:30:54]} 2. c4 {[%clk 1:31:09]} c6
{[%clk 1:31:20]} 3. Nf3 {[%clk 1:31:32]} Nf6 {[%clk 1:31:35]} 4. e3
{[%clk 1:31:50]} Bf5 {[%clk 1:31:53]} 5. Nc3 {[%clk 1:32:07]} e6 {[%clk 1:32:18]}
6. Nh4 {[%clk 1:32:15]} Be4 {[%clk 1:32:41]} 7. f3 {[%clk 1:32:26]} Bg6
{[%clk 1:33:06]} 8. Qb3 {[%clk 1:30:59]} Qc7 {[%clk 1:33:19]} 9. Bd2
{[%clk 1:27:06]} Be7 {[%clk 1:33:12]} 10. Nxg6 {[%clk 1:15:33]} hxg6
{[%clk 1:33:14]} 11. O-O-O {[%clk 1:15:58]} dxc4 {[%clk 1:32:27]} 12. Bxc4
{[%clk 1:16:06]} b5 {[%clk 1:32:50]} 13. Be2 {[%clk 1:16:31]} a6 {[%clk 1:33:12]}
14. Ne4 {[%clk 1:15:22]} Nxe4 {[%clk 1:32:53]} 15. fxe4 {[%clk 1:15:45]} Nd7
{[%clk 1:33:16]} 16. e5 {[%clk 1:12:44]} Rc8 {[%clk 1:26:38]} 17. Kb1
{[%clk 1:12:26]} c5 {[%clk 1:22:35]} 18. Rc1 {[%clk 1:02:57]} O-O
{[%clk 1:21:59]} 19. h4 {[%clk 0:56:48]} Rfd8 {[%clk 1:18:18]} 20. h5
{[%clk 0:51:02]} g5 {[%clk 1:09:53]} 21. Qc2 {[%clk 0:45:38]} Qb7
{[%clk 0:59:39]} 22. Bf3 {[%clk 0:45:12]} Qb8 {[%clk 0:59:14]} 23. d5
{[%clk 0:32:56]} Nxe5 {[%clk 0:54:26]} 24. dxe6 {[%clk 0:31:55]} f5
{[%clk 0:49:18]} 25. Ba5 {[%clk 0:26:03]} Rd3 {[%clk 0:46:16]} 26. Rhd1
{[%clk 0:20:36]} c4 {[%clk 0:42:32]} 27. Bc3 {[%clk 0:17:14]} Rcd8
{[%clk 0:38:35]} 28. Bd4 {[%clk 0:12:19]} Qd6 {[%clk 0:37:49]} 29. Rxd3
{[%clk 0:05:51]} Nxd3 {[%clk 0:37:16]} 30. Rf1 {[%clk 0:02:53]} Qxe6
{[%clk 0:37:14]} 31. Be2 {[%clk 0:03:07]} f4 {[%clk 0:27:15]} 32. Bxd3
{[%clk 0:03:23]} cxd3 {[%clk 0:27:42]} 33. Qxd3 {[%clk 0:03:38]} Bc5
{[%clk 0:27:33]} 34. Qc2 {[%clk 0:00:47]} Bxd4 {[%clk 0:27:31]} 35. exd4
{[%clk 0:01:16]} Rxd4 {[%clk 0:27:42]} 36. Qc7 {[%clk 0:00:42]} Qd7
{[%clk 0:26:39]} 37. Qc2 {[%clk 0:00:39]} Rd2 {[%clk 0:26:39]} 38. Qb3+
{[%clk 0:00:51]} Qd5 {[%clk 0:26:49]} 39. Qxd5+ {[%clk 0:01:13]} Rxd5
{[%clk 0:27:17]} 40. Kc2 {[%clk 0:31:03]} Kh7 {[%clk 0:57:26]} 41. Re1
{[%clk 0:28:12]} Rd6 {[%clk 0:57:14]} 42. Re8 {[%clk 0:25:55]} g4
{[%clk 0:57:10]} 43. Re4 {[%clk 0:24:54]} f3 {[%clk 0:55:35]} 44. gxf3
{[%clk 0:24:30]} gxf3 {[%clk 0:56:03]} 0-1

[Event "Superfinal (women)"]
[Site "Moscow"]
[Date "2020.12.06"]
[Round "2.5"]
[White "Guseva, Marina"]
[Black "Getman, Tatyana"]
[Result "1-0"]
[BlackElo "2302"]
[WhiteElo "2359"]
[LiveChessVersion "1.4.8"]

1. d4 {[%clk 1:30:58]} Nf6 {[%clk 1:30:51]} 2. c4 {[%clk 1:31:25]} e6
{[%clk 1:31:13]} 3. Nf3 {[%clk 1:31:51]} b6 {[%clk 1:31:30]} 4. a3
{[%clk 1:32:15]} Bb7 {[%clk 1:31:43]} 5. Nc3 {[%clk 1:32:29]} d5 {[%clk 1:31:55]}
6. cxd5 {[%clk 1:32:36]} Nxd5 {[%clk 1:32:15]} 7. Qc2 {[%clk 1:32:56]} Be7
{[%clk 1:32:20]} 8. e4 {[%clk 1:33:21]} Nxc3 {[%clk 1:32:42]} 9. bxc3
{[%clk 1:33:47]} O-O {[%clk 1:33:01]} 10. Bd3 {[%clk 1:33:59]} c5
{[%clk 1:32:52]} 11. Qe2 {[%clk 1:33:57]} Qc8 {[%clk 1:27:57]} 12. O-O
{[%clk 1:34:20]} Ba6 {[%clk 1:28:20]} 13. Rd1 {[%clk 1:34:43]} Bxd3
{[%clk 1:28:25]} 14. Rxd3 {[%clk 1:35:09]} Nd7 {[%clk 1:25:35]} 15. h4
{[%clk 1:28:38]} Qc7 {[%clk 1:17:01]} 16. Bg5 {[%clk 1:11:45]} Bxg5
{[%clk 1:10:02]} 17. hxg5 {[%clk 1:12:10]} cxd4 {[%clk 0:58:03]} 18. cxd4
{[%clk 1:12:34]} Rac8 {[%clk 0:57:23]} 19. Rad1 {[%clk 0:53:23]} Qc2
{[%clk 0:43:50]} 20. Qe3 {[%clk 0:51:21]} b5 {[%clk 0:41:59]} 21. d5
{[%clk 0:32:19]} Nc5 {[%clk 0:35:09]} 22. Nd4 {[%clk 0:29:30]} Qa4
{[%clk 0:32:46]} 23. R3d2 {[%clk 0:22:47]} exd5 {[%clk 0:31:26]} 24. exd5
{[%clk 0:13:38]} Rfe8 {[%clk 0:31:24]} 25. Qf3 {[%clk 0:13:52]} Ne4
{[%clk 0:22:20]} 26. Rd3 {[%clk 0:14:19]} Nxg5 {[%clk 0:15:05]} 27. Qg4
{[%clk 0:10:52]} h6 {[%clk 0:13:08]} 28. f4 {[%clk 0:11:15]} f5 {[%clk 0:08:34]}
29. Nxf5 {[%clk 0:08:28]} Rc4 {[%clk 0:08:03]} 30. Qh5 {[%clk 0:08:41]} Rce4
{[%clk 0:01:43]} 31. fxg5 {[%clk 0:04:16]} Re1+ {[%clk 0:02:11]} 32. Rxe1
{[%clk 0:03:51]} Rxe1+ {[%clk 0:02:40]} 33. Kf2 {[%clk 0:00:51]} Re5
{[%clk 0:02:11]} 34. Nxh6+ 1-0

[Event "Superfinal (women)"]
[Site "Moscow"]
[Date "2020.12.06"]
[Round "2.6"]
[White "Kashlinskaya, Alina"]
[Black "Shuvalova, Polina"]
[Result "0-1"]
[BlackElo "2456"]
[WhiteElo "2494"]
[LiveChessVersion "1.4.8"]

1. d4 {[%clk 1:30:57]} Nf6 {[%clk 1:30:53]} 2. c4 {[%clk 1:31:21]} e6
{[%clk 1:31:20]} 3. Nf3 {[%clk 1:31:45]} b6 {[%clk 1:31:43]} 4. g3
{[%clk 1:32:10]} c6 {[%clk 1:31:01]} 5. Bg2 {[%clk 1:32:20]} d5 {[%clk 1:31:25]}
6. O-O {[%clk 1:32:20]} Be7 {[%clk 1:31:48]} 7. Nfd2 {[%clk 1:32:21]} Ba6
{[%clk 1:15:03]} 8. b3 {[%clk 1:29:04]} O-O {[%clk 1:12:00]} 9. e4
{[%clk 1:24:37]} Nbd7 {[%clk 1:10:20]} 10. e5 {[%clk 1:19:37]} Ne8
{[%clk 1:10:20]} 11. Re1 {[%clk 1:19:28]} Nc7 {[%clk 1:09:18]} 12. Nc3
{[%clk 1:14:47]} Rc8 {[%clk 1:07:43]} 13. Bb2 {[%clk 1:07:45]} c5
{[%clk 1:01:31]} 14. cxd5 {[%clk 0:57:52]} cxd4 {[%clk 1:00:47]} 15. d6
{[%clk 0:57:31]} dxc3 {[%clk 1:01:02]} 16. dxe7 {[%clk 0:56:30]} Qxe7
{[%clk 1:01:11]} 17. Bxc3 {[%clk 0:56:53]} Rfd8 {[%clk 0:53:01]} 18. Qg4
{[%clk 0:48:43]} Nd5 {[%clk 0:48:48]} 19. Bd4 {[%clk 0:41:39]} Nb4
{[%clk 0:48:06]} 20. Be4 {[%clk 0:34:28]} Nc5 {[%clk 0:40:34]} 21. Be3
{[%clk 0:34:22]} Rd7 {[%clk 0:26:39]} 22. Bg5 {[%clk 0:29:26]} Qf8
{[%clk 0:25:23]} 23. Bxh7+ {[%clk 0:25:56]} Kxh7 {[%clk 0:25:47]} 24. Qxb4
{[%clk 0:26:19]} Kg8 {[%clk 0:24:27]} 25. Qh4 {[%clk 0:26:39]} Bb7
{[%clk 0:20:20]} 26. Nc4 {[%clk 0:26:01]} Nd3 {[%clk 0:19:53]} 27. Re3
{[%clk 0:18:57]} Qc5 {[%clk 0:19:56]} 28. Rf1 {[%clk 0:17:48]} Qd5
{[%clk 0:13:12]} 29. f3 {[%clk 0:18:12]} Ba6 {[%clk 0:12:12]} 30. Bf6
{[%clk 0:13:59]} gxf6 {[%clk 0:11:18]} 31. Re4 {[%clk 0:10:55]} Rxc4
{[%clk 0:05:50]} 32. bxc4 {[%clk 0:10:02]} Qc5+ {[%clk 0:06:15]} 33. Kh1
{[%clk 0:10:02]} f5 {[%clk 0:04:49]} 34. Qg5+ {[%clk 0:08:50]} Kf8
{[%clk 0:05:18]} 35. Rh4 {[%clk 0:03:53]} Qxe5 {[%clk 0:05:41]} 36. Rh7
{[%clk 0:04:19]} Bxc4 {[%clk 0:04:33]} 37. Qh4 {[%clk 0:02:31]} Kg8
{[%clk 0:04:43]} 38. g4 {[%clk 0:02:20]} f4 {[%clk 0:01:46]} 39. g5
{[%clk 0:02:33]} Nb2 {[%clk 0:00:49]} 40. Rg1 {[%clk 0:30:35]} Be2
{[%clk 0:30:50]} 41. Kg2 {[%clk 0:27:05]} Bxf3+ {[%clk 0:29:26]} 0-1

[Event "Superfinal (women)"]
[Site "Moscow"]
[Date "2020.12.07"]
[Round "3.1"]
[White "Shuvalova, Polina"]
[Black "Kosteniuk, Alexandra"]
[Result "1-0"]
[BlackElo "2471"]
[WhiteElo "2456"]
[LiveChessVersion "1.4.8"]

1. d4 {[%clk 1:30:57]} Nf6 {[%clk 1:30:55]} 2. c4 {[%clk 1:31:23]} e6
{[%clk 1:31:20]} 3. g3 {[%clk 1:31:48]} d5 {[%clk 1:30:55]} 4. Bg2
{[%clk 1:32:13]} dxc4 {[%clk 1:31:15]} 5. Nf3 {[%clk 1:32:38]} a6
{[%clk 1:31:35]} 6. Ne5 {[%clk 1:32:49]} Bb4+ {[%clk 1:31:30]} 7. Nc3
{[%clk 1:33:05]} Nd5 {[%clk 1:30:46]} 8. O-O {[%clk 1:33:29]} Nxc3
{[%clk 1:27:57]} 9. bxc3 {[%clk 1:33:52]} Be7 {[%clk 1:28:12]} 10. Rb1
{[%clk 1:29:58]} Ra7 {[%clk 1:25:33]} 11. a4 {[%clk 1:28:25]} b6 {[%clk 1:24:10]}
12. Nxc4 {[%clk 1:24:02]} O-O {[%clk 1:10:54]} 13. e4 {[%clk 1:23:13]} Nd7
{[%clk 1:09:45]} 14. Re1 {[%clk 1:17:42]} Bb7 {[%clk 1:09:04]} 15. Bf4
{[%clk 1:17:21]} Nf6 {[%clk 1:03:36]} 16. Qc2 {[%clk 1:12:03]} h6
{[%clk 1:02:51]} 17. h3 {[%clk 1:11:56]} Ne8 {[%clk 0:57:03]} 18. Rbd1
{[%clk 1:09:46]} Nd6 {[%clk 0:42:16]} 19. Ne5 {[%clk 1:07:06]} Qe8
{[%clk 0:36:10]} 20. c4 {[%clk 1:01:45]} f6 {[%clk 0:28:13]} 21. Nd3
{[%clk 1:01:20]} Bc6 {[%clk 0:25:45]} 22. Qa2 {[%clk 0:54:53]} Bxa4
{[%clk 0:24:07]} 23. c5 {[%clk 0:49:48]} Nf7 {[%clk 0:24:02]} 24. Rd2
{[%clk 0:45:47]} bxc5 {[%clk 0:22:28]} 25. Qxe6 {[%clk 0:41:30]} cxd4
{[%clk 0:21:43]} 26. e5 {[%clk 0:38:19]} f5 {[%clk 0:16:00]} 27. Qxf5
{[%clk 0:35:45]} Ng5 {[%clk 0:15:44]} 28. Qg4 {[%clk 0:35:15]} h5
{[%clk 0:12:08]} 29. Bd5+ {[%clk 0:30:13]} Kh8 {[%clk 0:11:52]} 30. Qe2
{[%clk 0:30:38]} Nxh3+ {[%clk 0:09:42]} 31. Kg2 {[%clk 0:30:37]} g6
{[%clk 0:05:42]} 32. Bh6 {[%clk 0:27:51]} Qd7 {[%clk 0:03:31]} 33. Bxf8
{[%clk 0:23:30]} Qxd5+ {[%clk 0:03:57]} 34. Kxh3 {[%clk 0:23:49]} Bxf8
{[%clk 0:03:54]} 35. Nf4 {[%clk 0:24:01]} Qf7 {[%clk 0:02:47]} 36. Rxd4
{[%clk 0:23:43]} Bb5 {[%clk 0:02:34]} 37. Qe4 {[%clk 0:22:51]} c5
{[%clk 0:02:59]} 38. Rd8 {[%clk 0:19:20]} Kg7 {[%clk 0:03:22]} 39. e6
{[%clk 0:18:06]} Qf6 {[%clk 0:03:11]} 40. Qxg6+ {[%clk 0:45:06]} Qxg6
{[%clk 0:33:36]} 41. Nxg6 {[%clk 0:45:33]} Be7 {[%clk 0:33:30]} 42. Nxe7
{[%clk 0:45:02]} Rxe7 {[%clk 0:33:12]} 43. Rd5 {[%clk 0:42:20]} Rc7
{[%clk 0:31:24]} 44. Rxh5 {[%clk 0:37:09]} 1-0

[Event "Superfinal (women)"]
[Site "Moscow"]
[Date "2020.12.07"]
[Round "3.2"]
[White "Getman, Tatyana"]
[Black "Kashlinskaya, Alina"]
[Result "0-1"]
[BlackElo "2494"]
[WhiteElo "2302"]
[LiveChessVersion "1.4.8"]

1. d4 {[%clk 1:30:58]} Nf6 {[%clk 1:30:54]} 2. c4 {[%clk 1:31:21]} e6
{[%clk 1:31:19]} 3. Nc3 {[%clk 1:31:27]} Bb4 {[%clk 1:31:40]} 4. f3
{[%clk 1:31:41]} d5 {[%clk 1:31:41]} 5. a3 {[%clk 1:31:52]} Bd6 {[%clk 1:31:44]}
6. c5 {[%clk 1:21:47]} Be7 {[%clk 1:32:03]} 7. Bg5 {[%clk 1:20:57]} h6
{[%clk 1:28:30]} 8. Bh4 {[%clk 1:20:20]} O-O {[%clk 1:18:01]} 9. e3
{[%clk 1:18:45]} b6 {[%clk 1:17:03]} 10. b4 {[%clk 1:15:41]} a5 {[%clk 1:16:32]}
11. Bd3 {[%clk 1:14:02]} c6 {[%clk 1:01:34]} 12. Nge2 {[%clk 1:08:55]} Ba6
{[%clk 1:01:19]} 13. O-O {[%clk 1:07:11]} Nbd7 {[%clk 1:00:17]} 14. f4
{[%clk 0:59:25]} Ng4 {[%clk 0:53:18]} 15. Bxe7 {[%clk 0:58:51]} Qxe7
{[%clk 0:53:44]} 16. Bxa6 {[%clk 0:53:27]} Nxe3 {[%clk 0:48:31]} 17. Qc1
{[%clk 0:41:37]} Nxf1 {[%clk 0:48:34]} 18. Bb7 {[%clk 0:41:19]} axb4
{[%clk 0:40:03]} 19. Bxa8 {[%clk 0:36:34]} bxc3 {[%clk 0:39:10]} 20. Bxc6
{[%clk 0:33:33]} Nd2 {[%clk 0:39:02]} 21. Bxd7 {[%clk 0:29:28]} Qxd7
{[%clk 0:39:16]} 22. Qxc3 {[%clk 0:29:53]} Ne4 {[%clk 0:38:21]} 23. Qb4
{[%clk 0:29:45]} bxc5 {[%clk 0:37:09]} 24. dxc5 {[%clk 0:30:10]} Rc8
{[%clk 0:34:48]} 25. Rc1 {[%clk 0:20:45]} Rxc5 {[%clk 0:27:40]} 26. Rxc5
{[%clk 0:18:23]} Qa7 {[%clk 0:28:00]} 27. Nd4 {[%clk 0:18:02]} Qxc5
{[%clk 0:28:08]} 28. Qxc5 {[%clk 0:18:22]} Nxc5 {[%clk 0:28:34]} 29. Kf2
{[%clk 0:17:47]} Kf8 {[%clk 0:21:08]} 30. Nc6 {[%clk 0:16:28]} Ke8
{[%clk 0:20:35]} 31. Ke3 {[%clk 0:16:48]} Kd7 {[%clk 0:19:13]} 32. Ne5+
{[%clk 0:17:11]} Ke7 {[%clk 0:19:40]} 33. Kd4 {[%clk 0:17:18]} Nd7
{[%clk 0:13:29]} 34. Nc6+ {[%clk 0:16:53]} Kd6 {[%clk 0:13:38]} 35. Nd8
{[%clk 0:17:05]} f6 {[%clk 0:13:30]} 36. Nb7+ {[%clk 0:14:57]} Kc7
{[%clk 0:13:09]} 37. Na5 {[%clk 0:15:06]} Kb6 {[%clk 0:12:21]} 38. Nb3
{[%clk 0:15:30]} Nb8 {[%clk 0:12:38]} 39. a4 {[%clk 0:13:54]} Nc6+
{[%clk 0:12:56]} 40. Kc3 {[%clk 0:43:50]} e5 {[%clk 0:43:14]} 41. fxe5
{[%clk 0:44:16]} fxe5 {[%clk 0:43:40]} 42. Kd3 {[%clk 0:42:03]} Na5
{[%clk 0:40:37]} 43. Na1 {[%clk 0:41:17]} Kc5 {[%clk 0:40:27]} 44. Nc2
{[%clk 0:41:42]} Nc4 {[%clk 0:40:20]} 45. g4 {[%clk 0:41:10]} Nb2+
{[%clk 0:40:25]} 46. Ke2 {[%clk 0:41:26]} Nxa4 {[%clk 0:39:00]} 47. Ne3
{[%clk 0:41:50]} g6 {[%clk 0:38:32]} 48. h4 {[%clk 0:42:16]} d4 {[%clk 0:38:42]}
49. Nf1 {[%clk 0:42:19]} Nc3+ {[%clk 0:37:19]} 50. Kd3 {[%clk 0:42:40]} e4+
{[%clk 0:37:32]} 51. Kd2 {[%clk 0:43:07]} Kc4 {[%clk 0:37:42]} 52. h5
{[%clk 0:43:21]} g5 {[%clk 0:37:18]} 0-1

[Event "Superfinal (women)"]
[Site "Moscow"]
[Date "2020.12.07"]
[Round "3.3"]
[White "Gunina, Valentina"]
[Black "Guseva, Marina"]
[Result "0-1"]
[BlackElo "2359"]
[WhiteElo "2451"]
[LiveChessVersion "1.4.8"]

1. d4 {[%clk 1:30:57]} d5 {[%clk 1:30:56]} 2. c4 {[%clk 1:31:14]} c6
{[%clk 1:31:22]} 3. Nf3 {[%clk 1:31:22]} Nf6 {[%clk 1:31:48]} 4. Nc3
{[%clk 1:31:07]} e6 {[%clk 1:32:14]} 5. e3 {[%clk 1:31:11]} Nbd7 {[%clk 1:32:39]}
6. Qc2 {[%clk 1:31:10]} b6 {[%clk 1:33:04]} 7. b3 {[%clk 1:30:48]} Bb7
{[%clk 1:33:13]} 8. Bb2 {[%clk 1:31:12]} Bd6 {[%clk 1:30:42]} 9. Bd3
{[%clk 1:29:49]} Qe7 {[%clk 1:30:32]} 10. h3 {[%clk 1:29:24]} O-O
{[%clk 1:05:30]} 11. O-O {[%clk 1:28:54]} c5 {[%clk 1:05:56]} 12. cxd5
{[%clk 1:20:19]} exd5 {[%clk 1:06:17]} 13. Rad1 {[%clk 1:17:46]} Rac8
{[%clk 0:56:03]} 14. dxc5 {[%clk 1:09:52]} Nxc5 {[%clk 0:46:40]} 15. Bf5
{[%clk 1:09:26]} Ne6 {[%clk 0:47:01]} 16. Qd3 {[%clk 1:04:34]} g6
{[%clk 0:44:53]} 17. Nb5 {[%clk 1:02:03]} Ba6 {[%clk 0:41:45]} 18. e4
{[%clk 0:44:21]} Nf4 {[%clk 0:34:41]} 19. Qe3 {[%clk 0:40:45]} Bxb5
{[%clk 0:35:01]} 20. e5 {[%clk 0:35:32]} N6h5 {[%clk 0:28:02]} 21. exd6
{[%clk 0:20:22]} Ne2+ {[%clk 0:22:14]} 22. Kh2 {[%clk 0:19:47]} Qxe3
{[%clk 0:22:35]} 23. fxe3 {[%clk 0:20:13]} gxf5 {[%clk 0:20:21]} 24. Nh4
{[%clk 0:15:04]} Rc2 {[%clk 0:14:20]} 25. Ba1 {[%clk 0:09:51]} Neg3
{[%clk 0:12:45]} 26. Rfe1 {[%clk 0:05:38]} f6 {[%clk 0:10:50]} 27. a4
{[%clk 0:02:58]} Bd7 {[%clk 0:10:29]} 28. Rxd5 {[%clk 0:02:44]} Kf7
{[%clk 0:09:35]} 29. Rd4 {[%clk 0:00:46]} Rg8 {[%clk 0:08:42]} 30. Red1
{[%clk 0:00:52]} Ne4 {[%clk 0:04:30]} 31. Rf1 {[%clk 0:00:40]} Nhg3
{[%clk 0:04:44]} 32. Rf3 {[%clk 0:00:40]} Rc1 {[%clk 0:05:08]} 0-1

[Event "Superfinal (women)"]
[Site "Moscow"]
[Date "2020.12.07"]
[Round "3.4"]
[White "Pogonina, Natalija"]
[Black "Girya, Olga"]
[Result "1/2-1/2"]
[BlackElo "2464"]
[WhiteElo "2474"]
[LiveChessVersion "1.4.8"]

1. c4 {[%clk 1:30:57]} Nf6 {[%clk 1:30:42]} 2. Nc3 {[%clk 1:29:34]} e5
{[%clk 1:26:09]} 3. Nf3 {[%clk 1:29:51]} Nc6 {[%clk 1:26:34]} 4. e3
{[%clk 1:29:25]} Bb4 {[%clk 1:26:21]} 5. Qc2 {[%clk 1:28:05]} Bxc3
{[%clk 1:25:45]} 6. bxc3 {[%clk 1:05:26]} e4 {[%clk 1:25:31]} 7. Nd4
{[%clk 1:05:34]} d6 {[%clk 1:23:55]} 8. Be2 {[%clk 1:03:37]} Ne7 {[%clk 1:20:08]}
9. f3 {[%clk 0:49:26]} c5 {[%clk 1:19:15]} 10. Nb3 {[%clk 0:48:41]} Bf5
{[%clk 1:10:06]} 11. d3 {[%clk 0:41:20]} exd3 {[%clk 1:06:56]} 12. Bxd3
{[%clk 0:41:45]} Bxd3 {[%clk 1:05:01]} 13. Qxd3 {[%clk 0:42:11]} Nc6
{[%clk 1:02:15]} 14. e4 {[%clk 0:41:34]} Ne5 {[%clk 0:55:25]} 15. Qe2
{[%clk 0:41:49]} O-O {[%clk 0:55:27]} 16. O-O {[%clk 0:38:37]} h6
{[%clk 0:45:24]} 17. Rd1 {[%clk 0:27:14]} Qe7 {[%clk 0:44:52]} 18. Bf4
{[%clk 0:22:05]} Rac8 {[%clk 0:42:29]} 19. Rab1 {[%clk 0:21:18]} Nh5
{[%clk 0:35:54]} 20. Bxe5 {[%clk 0:20:59]} dxe5 {[%clk 0:35:53]} 21. g3
{[%clk 0:20:34]} Nf6 {[%clk 0:29:21]} 22. Nd2 {[%clk 0:20:03]} Rfd8
{[%clk 0:27:18]} 23. Nf1 {[%clk 0:19:51]} Rxd1 {[%clk 0:26:17]} 24. Rxd1
{[%clk 0:19:59]} Rd8 {[%clk 0:26:35]} 25. Ne3 {[%clk 0:19:51]} Rxd1+
{[%clk 0:25:26]} 26. Qxd1 {[%clk 0:20:13]} Qd7 {[%clk 0:25:41]} 27. Qxd7
{[%clk 0:13:18]} Nxd7 {[%clk 0:25:59]} 28. Kf2 {[%clk 0:13:41]} g6
{[%clk 0:15:27]} 29. Ke2 {[%clk 0:11:50]} f6 {[%clk 0:14:30]} 30. Nd5
{[%clk 0:09:04]} Kf7 {[%clk 0:14:30]} 31. Kd3 {[%clk 0:08:59]} Nb8
{[%clk 0:12:24]} 32. Nc7 {[%clk 0:06:12]} Nc6 {[%clk 0:11:38]} 33. Nb5
{[%clk 0:04:30]} Ke6 {[%clk 0:09:54]} 34. Nc7+ {[%clk 0:04:45]} Kd7
{[%clk 0:09:55]} 35. Nd5 {[%clk 0:04:46]} Ke6 {[%clk 0:10:20]} 36. Nc7+
{[%clk 0:04:42]} Kd7 {[%clk 0:10:44]} 37. Nd5 {[%clk 0:05:08]} Ke6
{[%clk 0:11:10]} 38. Nc7+ 1/2-1/2